|
|
|
|
| LEADER |
01249nam a22003132a 4500 |
| 001 |
000413071 |
| 003 |
CZ BrMZK |
| 005 |
20120621103028.0 |
| 007 |
ta |
| 008 |
990307s1984 xr f cze d |
| 015 |
|
|
|a cnb000009809
|
| 035 |
|
|
|a (OCoLC)39574356
|
| 040 |
|
|
|a BOA001
|b cze
|
| 041 |
1 |
|
|a cze
|h slo
|
| 080 |
9 |
|
|a 685.31.03(075.3):377.35
|
| 100 |
1 |
|
|a Dendiš, Ondrej
|7 jx20040809013
|4 aut
|
| 245 |
1 |
0 |
|a Nauka o materiálu pro 1., 2. a 3. ročník odborných učilišť a učňovských škol /
|c Ondrej Dendiš ; odborně upravil Stanislav Staněk
|
| 250 |
|
|
|a 4., nezm. vyd.
|
| 260 |
|
|
|a Praha :
|b Státní nakladatelství technické literatury,
|c 1984
|
| 300 |
|
|
|a 291 s.
|
| 500 |
|
|
|a Přeloženo ze slovenštiny
|
| 504 |
|
|
|a Obsahuje bibliografii
|
| 700 |
1 |
|
|a Staněk, Stanislav
|7 jx20071207079
|4 edt
|
| 765 |
0 |
|
|t Náuka o materiáli pre 1., 2. a 3, ročník OU a UŠ
|9 Česky
|
| 910 |
|
|
|a BOA001
|b PK-0077.816-84
|b 2-0759.584-84
|
| 964 |
|
|
|a Obuvnictví - materiály - učebnice - školy učňovské
|
| 990 |
|
|
|a BK
|
| 996 |
6 |
|
|b 2619528832
|c 2-0759.584-84
|l MZK
|r Sklad / do 1 hodiny
|n 1
|w 000413071
|u 000020
|a 1
|e BOA001
|j MZK50
|s P
|
| 996 |
7 |
|
|b 3119823240
|c PK-0077.816-84
|l MZK
|r Sklad / do 1 hodiny
|n 0
|w 000413071
|u 000010
|a 1
|e BOA001
|j MZK50
|s A
|